| 000 -ლიდერი |
| ფიქსირებული სიგრძის საკონტროლო ველი |
01020nam a22002297a 4500 |
| 003 - საკონტროლო ნომრის იდენტიფიკატორი |
| საკონტროლო ველი |
Ge_BSU |
| 005 - ბოლო ოპერაციის თარიღი და დრო |
| საკონტროლო ველი |
20221028103151.0 |
| 008 - ფიქსირებული სიგრძის მონაცემთა ელემენტები - ზოგადი ინფორმაცია |
| ფიქსირებული სიგრძის საკონტროლო ველი |
221028s2005 ge ||||| |||| 00| 0 geo d |
| 020 ## - წიგნის საერთაშორისო სტანდარტული ნომერი |
| International Standard Book Number |
9994001868 |
| 041 ## - ენის კოდი |
| Language code of text/sound track or separate title |
geo |
| 080 ## - უნივერსალური ათობითი კლასიფიკაციის ინდექსი |
| Universal Decimal Classification number |
005(075.8) მ-35 |
| 245 ## - ცნობა სათაურის შესახებ |
| Title |
მენეჯმენტის საფუძვლები / |
| Statement of responsibility, etc |
ნ. პაიჭაძე, თ. ხომერიკი, ბ. ხვინთელიანი, გ. შიხაშვილი. |
| 264 ## - წარმოების, გამოცემის, დისტრიბუციის და სხვა ცნობები |
| გამოცემის, წარმოების, დისტრიბუციის... ადგილი |
თბილისი : |
| გამოცემის, წარმოების, დისტრიბუციის... სახელწოდება |
ინოვაცია, |
| გამოცემის, წარმოების, დისტრიბუციის... თარიღი |
2005. |
| 300 ## - ფიზიკური აღწერა |
| Extent |
206გვ. : |
| Other physical details |
ნახ. ; |
| Dimensions |
29სმ. |
| 504 ## - BIBLIOGRAPHY, ETC. NOTE |
| Bibliography, etc |
ბიბლიოგრ.: გვ. 206. |
| 653 ## - INDEX TERM--UNCONTROLLED |
| Uncontrolled term |
მენეჯმენტი |
| 700 ## - ADDED ENTRY--PERSONAL NAME |
| Personal name |
პაიჭაძე, ნ. |
| Relator term |
ავტორი |
| 9 (RLIN) |
15618 |
| 700 ## - ADDED ENTRY--PERSONAL NAME |
| Personal name |
ხომერიკი, ბ. |
| Relator term |
ავტორი |
| 9 (RLIN) |
15619 |
| 700 ## - ADDED ENTRY--PERSONAL NAME |
| Personal name |
ხვინთელიანი, ბ. |
| Relator term |
ავტორი |
| 9 (RLIN) |
15620 |
| 700 ## - ADDED ENTRY--PERSONAL NAME |
| Personal name |
შიხაშვილი, გ. |
| Relator term |
ავტორი |
| 9 (RLIN) |
15621 |
| 942 ## - ADDED ENTRY ELEMENTS (KOHA) |
| Source of classification or shelving scheme |
|
| Koha item type |
წიგნი |